LEADER 01228nam a2200289 u 4500 001 000000052362 003 CaOOAMICUS 005 20070226115436.0 008 001016s1998 it u000 u ita u 020 $a8823780055 035 $a10858306 040 $aPUL$bita 041 0 $aita$agrc 100 1 $aDeiana, Giovanni.$0(OLS)http://pul/name/1248 245 10$aGuida allo studio dell'Ebraico biblico /$cGiovanni Deiana, Ambrogio Spreafico ; presentazione di Jan Alberto Soggin. 250 $a3. ed., 4. rist. 260 $aRoma :$bLibreria Sacre Scritture,$c1998. 300 $a225 p. ;$c25 cm 630 04$aBiblia.$pN.T.$xLingua e stile.$0(OLS)http://pul/subject/5669 700 1 $aSoggin, Jan Alberto.$0(OLS)http://pul/name/19432 700 1 $aSpreafico, Ambrogio.$0(OLS)http://pul/name/6781 850 $aPUL 852 $aPUL$W1$xSL Cons. Gen., Altre Classi 1$y1$m2005 F 16;DF1/6/11$j69263$nBK-PRI$b $qStampati$B69263$CPULBib$Z2$F69263 $H $81 941 1 $a8 996 $6020$a8823780055$9(OLS)http://pul/number/8619 996 $6245$aGuida allo studio dell'Ebraico biblico$9(OLS)http://pul/title/9804 996 $6260$aRoma :$bLibreria Sacre Scritture$9(OLS)http://pul/publisher/49195 LEADER 01352nam a2200325 a 4500 001 000000158801 003 CaOOAMICUS 005 20170213141825.0 008 170213s2016 it u000 u ita r 020 $a978-88-6030-793-4* 032 $aLibriCat 040 $aPUL$bita 082 14$a297 100 1 $aFlores d'Arcais, Paolo,$d1944-$0(OLS)http://pul/name/40355 245 13$aLa guerra del sacro : $bterrorismo, laicità e democrazia radicale / $cPaolo Flores d'Arcais. 260 $aMilano :$bRaffaello Cortina,$c©2016. 300 $a246 p. ;$c21 cm. 490 1 $aI fili 504 $aContiene riferimenti bibliografici. 650 4$aIslamismo$ySec. XXI.$0(OLS)http://pul/subject/42789 650 4$aFondamentalismo.$0(OLS)http://pul/subject/28277 830 2$aI Fili (Cortina).$0(OLS)http://pul/title/158514 850 $aPUL 852 $aPUL$W1$xSL Religione 3$y85$m297 FLOPA 1$j182110$qDDC 21$B185295$CPULBib$Z2$F185295 $H128912 $82 941 1 $a9 996 $6020$a978-88-6030-793-4* $9(OLS)http://pul/number/162054 996 $6082$a297$9(OLS)http://pul/classification/742 996 $6245$aLa guerra del sacro : $bterrorismo, laicità e democrazia radicale / $9(OLS)http://pul/title/198404 996 $6260$aMilano :$bRaffaello Cortina$9(OLS)http://pul/publisher/63509